|
|
|
|
| LEADER |
01371cas a22002537a 4500 |
| 003 |
BD-DhAAL |
| 008 |
230208t2022 bg ||||| |||| 00| 0 ben d |
| 040 |
|
|
|a BD-DhAAL
|c BD-DhAAL
|
| 041 |
|
|
|a ben
|
| 082 |
|
|
|a 079.095492
|2 23
|
| 245 |
|
|
|a নতুন দিগন্ত :
|b সাহিত্য-সংস্কৃতির ত্রৈমাসিক /
|c সিরাজুল ইসলাম চৌধুরী সম্পাদিত.
|
| 260 |
|
|
|a ঢাকা :
|b সমাজ-রূপান্তর অধ্যয়ন কেন্দ্র,
|c ২০২২.
|
| 300 |
|
|
|a ২৬৫ পৃষ্ঠা ;
|c ২২ সে.মি.
|
| 362 |
|
|
|a Vol. 21, no. 1 (Oct./Dec. 2022)
|
| 526 |
|
|
|a GenEd
|
| 541 |
|
|
|a Development Book Agency
|
| 650 |
|
|
|a Newspaper
|z Bangladesh.
|9 53582
|
| 650 |
|
|
|a Bengali literature.
|
| 700 |
|
|
|a চৌধুরী, সিরাজুল ইসলাম
|
| 852 |
|
|
|a Ayesha Abed Library
|
| 942 |
|
|
|2 ddc
|c CR
|s 1
|
| 999 |
|
|
|c 45483
|d 45483
|
| 952 |
|
|
|0 0
|1 0
|2 ddc
|4 0
|6 079_095492000000000_NAT
|7 0
|9 73188
|a SCL
|b SCL
|c REF
|d 2023-02-08
|e Development Book Agency
|g 80.00
|h Vol. 21, no. 1 (Oct./Dec. 2022)
|l 0
|o 079.095492 NAT
|r 2023-02-08
|t 1
|w 2023-02-08
|y CR
|
| 952 |
|
|
|0 0
|1 0
|2 ddc
|4 0
|6 079_095492000000000_NAT
|7 0
|9 73189
|a SCL
|b SCL
|c REF
|d 2023-02-08
|e Development Book Agency
|g 80.00
|h Vol. 21, no. 1 (Oct./Dec. 2022)
|l 0
|o 079.095492 NAT
|r 2023-02-08
|t 2
|w 2023-02-08
|y CR
|